书目信息 |
| 题名: |
博士论文
|
|
| 作者: | 马克思 著 | |
| 分册: | ||
| 出版信息: | 北京 人民出版社 1961 |
|
| 页数: | 96页 | |
| 开本: | 21cm | |
| 丛书名: | ||
| 单 册: | ||
| 中图分类: | A16 | |
| 科图分类: | ||
| 主题词: | 马恩著作--专题汇编 | |
| 电子资源: | ||
| ISBN: | ||
| 000 | 00689nam0 2200205 450 | |
| 001 | 0637512140 | |
| 005 | 20060727102728.21 | |
| 010 | @dCNY0.24 | |
| 100 | @a20060727d1961 km y0chiy0120 ea | |
| 101 | 0 | @achi@ceng |
| 102 | @aCN@b110000 | |
| 200 | 1 | @a博士论文@e德谟克里特的自然哲学与伊壁鸠鲁的自然哲学的差别@Abo shi lun wen@f马克思著@Fma ke si zhu |
| 210 | @a北京@c人民出版社@d1961 | |
| 215 | @a96页@d21cm | |
| 517 | 1 | @a德谟克里特的自然哲学与伊壁鸠鲁的自然哲学的差别@Ade mo ke li te de zi ran zhe xue yu yi bi jiu lu de zi ran zhe xue de cha bie |
| 606 | 0 | @a马恩著作@x专题汇编 |
| 690 | @aA16@v3 | |
| 701 | 0 | @a马克思@Ama ke si@4著 |
| 801 | 0 | @aCN@bPFT@c20060727 |
| 905 | @a10447@dA16@e41 | |
| 博士论文:德谟克里特的自然哲学与伊壁鸠鲁的自然哲学的差别/马克思著.-北京:人民出版社,1961 |
| 96页;21cm |
| ISBN :CNY0.24 |
| ● |
| 相关链接 |
|
|
|
|
正题名:博士论文
索取号:A16/41
 
预约/预借
| 序号 | 登录号 | 条形码 | 馆藏地/架位号 | 状态 | 备注 |
| 1 | 0439933 | 204399338 | 密集书库/ [索取号:A16/41] | 在馆 |